LEADER 01018nam a2200205 4500 001 000000367119 003 CaOOAMICUS 005 20260407152546.0 008 260407s1892 it 000 u ita r 040 $aSeMil$bita 100 1 $aDezulovic, A.$0(OLS)http://semarc/name/123906 245 13$aIl Battista secondo la sana teologia e il Battista secondo le dottrine dell'abate Medini /$cdissertazione del sacerdote A. Dezulovic. 264 1$aModena :$bTip. Pontificia ed Arcivescovile dell'Immacolata Concezione,$c1892. 300 $a31 p. ;$c20 cm 600 04$aGiovanni Battista .$0(OLS)http://semarc/subject/5678 850 $aSeMil 852 $aSeMil$W1$xVenegono$y1$m5C VIII 10/1$j269799$B257845$CSeMilBibl$Z2$F257845 $8I 996 $6245$aIl Battista secondo la sana teologia e il Battista secondo le dottrine dell'abate Medini$9(OLS)http://semarc/title/458976 996 $6264$aModena :$bTip. Pontificia ed Arcivescovile dell'Immacolata Concezione$9(OLS)http://semarc/publisher/32420